Normal view
MARC view
Entry Personal Name
001 - CONTROL NUMBER
- control field: 12667
003 - CONTROL NUMBER IDENTIFIER
- control field: OSt
005 - DATE AND TIME OF LATEST TRANSACTION
- control field: 20180830150657.0
008 - FIXED-LENGTH DATA ELEMENTS
- fixed length control field: 180830|| aca||aabn | a|a d
040 ## - CATALOGING SOURCE
- Original cataloging agency: OSt
- Transcribing agency: OSt
100 ## - HEADING--PERSONAL NAME
- Personal name: Mazurek, Bernadette Melnyk; Fineout-Overholt, Ellen
670 ## - SOURCE DATA FOUND
- Source citation: Work cat.: (OSt): Mazurek, Bernadette Melnyk; Fineout-Overholt, Ellen, Evidence-based Practice in Nursing & Healthcare: a guide to best practice
